000 00552nmm a2200181Ia 4500
008 251105s9999||||xx |||||||||||||||||und||
020 _a9788419283764
041 _aspa
100 _aRyan, Jennifer
245 0 _aLas cocineras de Fenley
264 _a[Madrid, España] :
_bRoca Editorial,
_c[Fecha de publicación no identificada]
300 _a0 páginas
650 _aHistorical fiction
700 _aRyan, Jennifer
700 1 _a Barruetabeña Diez, Mª del Puerto
856 _uhttps://public.digitaliapublishing.com/a/134570
942 _cCF
999 _c70900
_d70900